| 000 | 01210nam a22003497a 4500 | ||
|---|---|---|---|
| 003 | CHAP | ||
| 005 | 20220817044517.0 | ||
| 008 | 120307s2008 it r 00010 eng d | ||
| 010 | _a102914 | ||
| 011 | _a103886 | ||
| 020 | _a9789251061237 | ||
| 035 | _a114575 | ||
| 040 | _cCHAP | ||
| 082 | 0 | 4 |
_a639.2 _bF46y |
| 110 | 2 | _aFAO | |
| 245 | 1 | 0 | _aReport of the FAO workshop on information requirements for maintaining aquatic animal biosecurity / por FAO |
| 260 |
_aRoma : _bFAO, _cc2008 |
||
| 300 |
_av, 27 p. : _bgráfs., tablas |
||
| 490 | 0 |
_aFAO. Informe de pesca y acuicultura _v; 877 |
|
| 500 | _aCebu City, Philippines, 15-17 february 2007 | ||
| 500 | _aEdición bilingue (inglés, francés) | ||
| 590 |
_aBATCH-UPD _b10 _c20130110 _lUCH01 _h1555 |
||
| 590 |
_aBATCH-UPD _b10 _c20130410 _lUCH01 _h0654 |
||
| 590 |
_aBATCH-UPD _b10 _c20130914 _lUCH01 _h0630 |
||
| 590 |
_aCONVERSION _b10 _c20130109 _lUCH01 _h1357 |
||
| 650 | 1 | 4 |
_aAnimales acuaticos. _95875 |
| 650 | 1 | 4 |
_aBiodiversidad _xConservación. _912726 |
| 830 | 1 | 0 |
_aFAO. Informe de pesca y acuicultura _v; 877 _939588 |
| 901 | _aBK | ||
| 942 | _cLIBRO | ||
| 949 |
_a639.2 F46y v.877 _bBC _cFAO _d33724002099165 _eFAO1 _gDonaciØn _h116299 _i114575 _sb |
||
| 999 |
_c102914 _d102914 |
||